|
|
|
|
| LEADER |
01134nam a2200265 a 4500 |
| 001 |
00026419 |
| 008 |
121231s2006 si a b 001 0 eng d |
| 020 |
|
|
|a 9812566767
|
| 020 |
|
|
|a 9812566775
|
| 040 |
|
|
|a BD-DhAAL
|c BD-DhAAL
|
| 082 |
0 |
0 |
|a 660.6/2
|2 22
|
| 245 |
0 |
0 |
|a Microbial biotechnology :
|b principles and applications /
|c editor, Lee Yuan Kun.
|
| 250 |
|
|
|a 2nd ed.
|
| 260 |
|
|
|a New Jersey :
|b World Scientific,
|c 2006.
|
| 300 |
|
|
|a xiii, 794 p. :
|b ill. ;
|c 23 cm.
|
| 504 |
|
|
|a Includes bibliographical references and index.
|
| 541 |
1 |
|
|e 00026419
|
| 650 |
|
0 |
|a Microbial biotechnology.
|
| 650 |
1 |
2 |
|a Biotechnology.
|
| 650 |
1 |
2 |
|a Microbiology.
|
| 700 |
1 |
|
|a Yuan Kun, Lee
|
| 852 |
4 |
|
|a Ayesha Abed Library
|j General Shelf.
|
| 999 |
|
|
|c 13094
|d 13094
|
| 952 |
|
|
|0 0
|1 0
|4 0
|6 660_620000000000000_MIC
|7 0
|9 21763
|a BRACUL
|b BRACUL
|c GEN
|d 2012-12-31
|e Karim International
|g 1320.00
|l 4
|m 12
|o 660.62 MIC
|p 3010026419
|r 2025-11-01
|s 2025-10-30
|t 1
|w 2012-12-31
|y BK
|
| 952 |
|
|
|0 0
|1 0
|4 0
|6 660_620000000000000_MIC
|7 0
|9 21764
|a BRACUL
|b BRACUL
|c GEN
|d 2012-12-31
|e Karim International
|g 1320.00
|l 3
|m 20
|o 660.62 MIC
|p 3010026420
|r 2025-12-01
|s 2025-10-30
|t 2
|w 2012-12-31
|y BK
|